000 00407 a2200109 4500
001 ART_6797
005 20260410161719.0
008 260409a
245 1 0 _aEl problema ambiental y su repercución en el paradigma de utilidad de la contabilidad patrimonial o financiera
100 1 _aGarcía Fronti, Inés M.
773 0 _tContabilidad y auditoría
_g- Año 3, Nº 6 (oct. 1997)
_wREV1723
999 _c16810
_d16810